LEADER 02151nam 2200601 450 001 9910133513703321 005 20171030121355.0 010 $a2-8218-2866-7 024 7 $a10.4000/books.pulg.1205 035 $a(CKB)3390000000053838 035 $a(SSID)ssj0001539023 035 $a(PQKBManifestationID)11833785 035 $a(PQKBTitleCode)TC0001539023 035 $a(PQKBWorkID)11531168 035 $a(PQKB)10539255 035 $a(WaSeSS)IndRDA00044906 035 $a(FrMaCLE)OB-pulg-1205 035 $a(oapen)https://directory.doabooks.org/handle/20.500.12854/50927 035 $a(PPN)185660568 035 $a(EXLCZ)993390000000053838 100 $a20160829d1934 uy 0 101 0 $afre 135 $aur||||||||||| 181 $ctxt$2rdacontent 182 $cc$2rdamedia 183 $acr$2rdacarrier 200 14$aLes journées de septembre 1830 à Bruxelles et en province $eétude critique d'après les sources /$fRobert Demoulin 210 $cPresses universitaires de Liège$d1934 210 1$aLiège :$cPresses Universitaires de Liège ;$aGenève :$cLibrairie Droz,$d1934 215 $a1 ressource en ligne (280 pages) 225 0 $aBibliothèque de la faculté de philosophie et lettres de l?Université de Liège 410 0$aBibliothe?que de la Faculte? de philosophie et lettres de l'Universite? de Lie?ge. 606 $aRegions & Countries - Europe$2HILCC 606 $aHistory & Archaeology$2HILCC 606 $aNetherlands, Belgium & Luxembourg$2HILCC 607 $aBrussels (Belgium)$xHistory$yInsurrection, 1830 607 $aBelgium$xHistory$yRevolution, 1830-1839 610 $a1830 610 $aIndépendance 610 $anationalisme 610 $aBelgique 610 $aRévolution 615 7$aRegions & Countries - Europe 615 7$aHistory & Archaeology 615 7$aNetherlands, Belgium & Luxembourg 700 $aDemoulin$b Robert$0964279 801 0$bPQKB 801 1$bBeLU 801 2$bBeLU 906 $aBOOK 912 $a9910133513703321 996 $aLes journées de septembre 1830 à Bruxelles et en province$92187137 997 $aUNINA LEADER 02293nas 2200721- 450 001 996207390803316 005 20210130035950.2 011 $a1871-2576 035 $a(OCoLC)71122981 035 $a(CKB)1000000000221982 035 $a(CONSER)--2018207179 035 $a(DE-599)ZDB2251932-4 035 $a(EXLCZ)991000000000221982 100 $a20060824a20069999 s-- - 101 0 $aeng 135 $aurcnu|||||||| 181 $ctxt$2rdacontent 182 $cc$2rdamedia 183 $acr$2rdacarrier 200 00$aApplied research in quality of life 210 1$aDordrecht :$cInternational Society for Quality of Life Studies :$cSpringer,$d2006- 300 $aRefereed/Peer-reviewed 311 $a1871-2584 517 1 $aARQOL 531 $aAPPL RES QUAL LIFE 531 $aAPPL. RES. QUAL. LIFE 606 $aQuality of life$xResearch$vPeriodicals 606 $aSocial indicators$vPeriodicals 606 $aHappiness$vPeriodicals 606 $aApplied sociology$vPeriodicals 606 $aQualité de la vie$vPériodiques 606 $aQuality of life$xResearch$2fast$3(OCoLC)fst01085029 606 $aApplied sociology$2fast$3(OCoLC)fst00811765 606 $aHappiness$2fast$3(OCoLC)fst00951160 606 $aQuality of life$2fast$3(OCoLC)fst01085009 606 $aRehabilitation$2fast$3(OCoLC)fst01093291 606 $aSocial indicators$2fast$3(OCoLC)fst01122522 606 $aTherapeutics$2fast$3(OCoLC)fst01149694 606 $aQuality of Life 606 $aSociology 608 $aPeriodical. 608 $aPeriodicals.$2fast 608 $aPeriodicals.$2lcgft 615 0$aQuality of life$xResearch 615 0$aSocial indicators 615 0$aHappiness 615 0$aApplied sociology 615 6$aQualité de la vie 615 7$aQuality of life$xResearch. 615 7$aApplied sociology. 615 7$aHappiness. 615 7$aQuality of life. 615 7$aRehabilitation. 615 7$aSocial indicators. 615 7$aTherapeutics. 615 12$aQuality of Life. 615 12$aSociology. 676 $a306 712 02$aInternational Society for Quality of Life Studies, 906 $aJOURNAL 912 $a996207390803316 996 $aApplied research in quality of life$92029183 997 $aUNISA